000 00767nam a2200241 4500
001 173019
003 ES-MaACL
005 20230906215116.0
008 091006s1995 sp | |||| ||spa d
017 _aB 6313-1995
020 _a84-406-1953-7
080 _a821.111-31"18"
100 1 _aShelley, Mary Wollstonecraft.
_9106070
245 1 0 _aFrankenstein /
_cMary Shelley ; [traducción, Manuel Serrat Crespo].
250 _a1ª ed., 1ª reimp.
260 _aBarcelona :
_bEdiciones B,
_c1995.
300 _a315, [2] p. ;
_c18 cm.
490 1 _aVIB ;
_v163/1
700 1 _aSerrat Crespo, Manuel.
_9105816
830 0 _aVIB ;
_v163/1
_9189183
852 4 _aES-MaACL
_jE-13006
_9R.139357 . -
_zBiblioteca Jacinto Martínez Lacalle
999 _c173019
_d173019